Cinéma - Reliez 20 sypnosis au bon film sur l'ufologie - Statistiques

Statistiques générales
  • Ce quiz a été pris 76 fois
  • Le résultat moyen est 9 sur 20
Statistiques - réponses
Hint Réponse % Correct
Dans une forêt, des extraterrestres observent la flore terrienne. Une des créatures s'éloigne de la navette, qui redécolle sans elle lorsque des militaires et des scientifiques se lancent à ses trousses. L'extraterrestre est bientôt recueilli par Eliott, un jeune garçon rêveur et solitaire qui souffre du divorce de ses parents. E.T. l'extra-terrestre (1982)
89%
En 2122, le vaisseau commercial Nostromo et son équipage en hibernation, font route vers la Terre avec une importante cargaison de minerai. Un signal, émanant d’une planète inconnue, les tire de leur sommeil artificiel. Intrigué, l’équipage se rend sur place et découvre les restes d'un gigantesque vaisseau extraterrestre. Lors de l’exploration de l’épave, l'officier Kane se fait agresser par une forme de vie inconnue. Alien - Le 8ème Passager (1979)
80%
Une immense soucoupe volante envahit le ciel terrestre, libérant un nombre infini de plus petits vaisseaux qui prennent position au-dessus des plus grandes villes du monde. David Levinson, un informaticien new-yorkais, intercepte un ordre d'attaque émis par les extraterrestres. Independence Day (1996)
74%
A Bucks County, en Pennsylvanie. Un matin, la petite famille de l'ancien Révérend Graham Hess découvre l'apparition dans ses champs de gigantesques signes et cercles étranges. Signes (2002)
72%
Dans le New Jersey, Ray Ferrier, docker divorcé, n'entretient plus que des relations épisodiques avec son fils Robbie, 17 ans, et sa fille Rachel, 11 ans. Un matin, son ex-épouse lui confie la garde de leurs deux enfants le temps de quelques jours. Mais le soir même, un orage électromagnétique éclate et déclenche d'étranges phénomènes. Bientôt, d'énormes engins mécaniques surgissent de terre et désintègrent les êtres humains dans le chaos le plus total. La Guerre des mondes (2005)
62%
Ellie Arroway est passionnée par l'univers. Avec une petite équipe de chercheurs, elle écoute le ciel. Un jour, ils captent un message. Contact (1997)
61%
New York - Une quarantaine de ses amis et relations ont organisé chez Rob une fête en l'honneur de son départ. Parmi eux, Hub, vidéaste d'un soir, chargé d'immortaliser l'événement. La "party" bat son plein lorsqu'une violente secousse ébranle soudain l'immeuble. Les invités se précipitent dans la rue. Une ombre immense se profile dans le ciel, un grondement sourd se fait entendre... et la tête de la Statue de la Liberté...s'effondre brutalement sur la chaussée. Cloverfield (2008)
57%
Une équipe de chercheurs découvre un vaisseau alien pris dans la glace en Antarctique. The Thing (2011)
54%
Cinquante personnes se retrouvent piégées dans une immense pièce. Ils ne se souviennent de rien et ne peuvent pas bouger. Tout ce qu’ils savent, c’est que toutes les deux minutes, l’un d’entre eux sera exécuté par une mystérieuse machine située au centre du cercle humain. Jusqu’à ce qu’il n'en reste plus qu’un. Circle (2015)
52%
Lorsque de mystérieux vaisseaux venus du fond de l’espace surgissent un peu partout sur Terre, une équipe d’experts est rassemblée sous la direction de la linguiste Louise Banks afin de tenter de comprendre leurs intentions. Premier Contact/Arrival (2016)
52%
Derek, un brillant étudiant, hanté par une observation d'OVNI durant son enfance, pense que les observations mystérieuses signalées dans plusieurs aéroports à travers les États-Unis sont des OVNIS. Avec l’aide de sa petite amie Natalie et de son professeur de mathématiques, le Dr Hendricks, Derek tente de percer le mystère avec l’agent spécial du FBI, Franklin Ahls. OVNI : Sur la piste extraterrestre (UFO) (2018)
39%
Dans une ville américaine, 79 personnes disparaissent dans un éclair de lumière et se retrouvent dans un lieu fermé constitué de plusieurs bâtiments et de terrains vagues. Tous les types d'êtres humains sont représentés. Une voix leur explique alors qu'ils doivent courir sur un chemin qui fait le tour du lieu. S'ils quittent le chemin, ils meurent, s'ils sont derniers, ils meurent. The Human Race (2013)
36%
Un jour, un homme surgit de nulle part dans la gare centrale de New York. L'air avenant, les yeux dissimulés derrière d'épaisses lunettes noires, cet inconnu prétend être originaire d'une planète lointaine. K-Pax (2001)
33%
Après une rencontre avec un vaisseau spatial, Roy se sent étrangement attiré vers un endroit anodin, persuadé qu'un événement va s'y dérouler. Rencontres du troisième type (1977)
31%
Une sorte de sphère atterrit sur Terre. En sort Klaatu, un extraterrestre d'apparence humaine (mais né d'une chrysalide) qui souhaite transmettre un message à l'humanité alors que des phénomènes étranges font leur apparition. Le Jour où la Terre s'arrêta (2008)
30%
2 astronautes se réveillent dans leur vaisseau après un long séjour en hyper-sommeil. Ils ne se souviennent ni de leurs identités ni de leur mission. Pandorum (2009)
26%
1996. Denise, une adolescente rebelle est témoin de phénomènes étranges et inexpliqués. Et si l’obsession de son père pour les OVNIS avait causé sa mort huit ans plus tôt ? Prête à tout pour découvrir la vérité, elle rejoint les membres de l’association UFO qui enquêtent sur ces faits surnaturels. Ensemble, ils se lancent dans une aventure risquée, s’affranchissant aussi bien des lois gouvernementales que des lois de la physique. UFO Sweden (2022)
26%
20 ans après que trois adolescents aient disparu après que des lumières mystérieuses apparaissent au-dessus de l'Arizona, des séquences vidéo de cette nuit sont découvertes, récapitulant les dernières heures de leur expédition fatale. Phoenix Forgotten (2017)
25%
La vie sereine de la famille Barrett est bouleversée par une série d'événements étranges. Un esprit tueur terrifiant tente de se débarrasser d'eux. Dark Skies (2013)
15%
Un groupe d'amis part en week-end en forêt. Leur petit séjour ne sera pas de tout repos. Ils vont être dérangés par des aliens. Extraterrestrial (2014)
8%
Aucun quiz correspondant
Distribution des résultats
% des personnes avec chaque résultat
Percentile par nombre de réponses
Votre historique - résultats
Vous n’avez pas pris ce quiz